| 000 | 01329nam a2200349 a 4500 | ||
|---|---|---|---|
| 001 | 000114475 | ||
| 003 | CHAP | ||
| 005 | 20220329144443.0 | ||
| 008 | 180201s2017 mx sm |||||||spa d | ||
| 010 | _a110936 | ||
| 011 | _a111908 | ||
| 040 | _cCHAP | ||
| 090 | _aTesis | ||
| 100 | 1 |
_aToledo Bárcenas, Isidro _9134561 |
|
| 245 | 1 | 0 |
_aEfecto de la inyección de vitaminas C y E en el desarrollo del cuerpo lúteo y gestaciones en vacas Holstein _h[En línea] _cpor Isidro Toledo Bárcenas y José Torres Ramírez. |
| 260 |
_aChapingo, Méx. : _bEl autor, _c2017. |
||
| 500 | _aPara ver el contenido del material haga clic en la liga | ||
| 502 | _aTesis (Ing. Agr. Esp. en Zootecnia) -- UACH. Departamento de Zootecnia | ||
| 590 |
_aE11695DGD _b10 _c20180201 _lUCH01 _h1130 |
||
| 590 |
_aE6339RRR _b05 _c20180201 _lUCH01 _h1057 |
||
| 590 |
_aE6339RRR _b05 _c20180201 _lUCH01 _h1057 |
||
| 590 |
_aE6339RRR _b05 _c20180201 _lUCH01 _h1059 |
||
| 650 | 1 | 4 |
_aGanado vacuno _xFecundidad. _945466 |
| 650 | 1 | 4 |
_aGanado vacuno _xFertilidad. _945467 |
| 650 | 1 | 4 |
_aGanado vacuno _xReproducción. _945510 |
| 650 | 1 | 4 |
_aVitaminas _xEfecto en ganado vacuno. _9134563 |
| 700 | 1 |
_aTorres Ramírez, José _9134562 |
|
| 856 |
_aFinding aid _uhttp://10.13.5.2/tesis/sist114475.pdf _zTeclea aquí |
||
| 901 | _aBK | ||
| 942 | _cLIBRO | ||
| 942 | _n0 | ||
| 999 |
_c110936 _d110936 |
||